博多駅から出ている最も多い行き先 - Statistics

General Stats
  • This quiz has been taken 192 times
  • The average score is 5 of 8
Answer Stats
Question Answer % Correct
福岡市地下鉄空港線(東行) 福岡空港
92%
九州新幹線 鹿児島中央
86%
山陽新幹線 新大阪
71%
福岡市地下鉄空港線(西行) 姪浜
71%
鹿児島本線 (下り) 鳥栖
60%
福岡市地下鉄七隈線 橋本
60%
篠栗線 直方
53%
鹿児島本線 (上り) 門司港
41%
No matching quizzes found
Score Distribution
Percent of People with Each Score
Percentile by Number Answered
Your Score History
You have not taken this quiz